| 000 | 01173 a2200205 4500 | ||
|---|---|---|---|
| 001 | 54405 | ||
| 005 | 20260407155817.0 | ||
| 008 | 260407a1972 arg spa d | ||
| 003 | AR-UNSa-BCEJYS | ||
| 040 |
_aAR-UNSa-BCEJYS _bspa _cAR-UNSa-BCEJYS |
||
| 080 |
_a327 _xRelaciones internacionales. Política internacional. Asuntos internacionales. Política exterior |
||
| 245 | 1 | 0 | _aRevolución tecnológica y dependencia externa |
| 264 | 1 |
_aBuenos Aires : _bEdiciones Depalma _c1972 |
|
| 300 |
_a134 p. _c21 cm. |
||
| 505 | _aI. Tecnologías de posguerra - II. Energía atómica - III. Tecnología espacial y de los misiles - IV. Comunicaciones - V. Transportes - VI. Tecnología de las computadoras - VII. Las nuevas condiciones internacionales - VIII. La estructura y el sistema internacionales - IX. Las tecnologías de posguerra y la proyección global de los centros de poder - X. La interdependencia y la cooperación internacional - XI. La acción externa del Estado y su conducción - XII. El interés nacional y las nuevas condiciones internacionales | ||
| 041 | _aspa | ||
| 942 | _cBK | ||
| 590 | _aniveau_biblio:m niveau_hierar:0 | ||
| 100 | 1 | _aCampora, Mario A. | |
| 999 |
_c5562 _d5562 |
||